[Event "XtraCon-Skakligaen"]
[Site "Denmark"]
[Date "2011.01.16"]
[Round "5.3"]
[White "Greger, Roland Reinhard"]
[Black "Ahlander, Bjorn"]
[Result "0-1"]
[WhiteElo "2389"]
[BlackElo "2419"]
[PlyCount "104"]
[EventDate "2010.11.06"]
[EventType "team-tourn"]
[EventRounds "9"]
[WhiteTeam "K41"]
[BlackTeam "Nordkalotten"]
[WhiteTeamCountry "DEN"]
[BlackTeamCountry "DEN"]

1. e4 c5 2. c3 d5 3. exd5 Qxd5 4. d4 e6 5. Nf3 Nf6 6. Bd3 cxd4 7. cxd4 Nc6 8.
O-O Be7 9. Nc3 Qd6 10. a3 O-O 11. Bc2 Rd8 12. Be3 a6 13. Qd3 b5 14. Rfd1 Bb7
15. Rac1 Rac8 16. b4 g6 17. Bb3 Qb8 18. Qe2 a5 19. d5 exd5 20. Nxd5 Nxd5 21.
Bxd5 axb4 22. Bh6 Rxd5 23. Rxd5 Bf8 24. Be3 bxa3 25. Rxb5 Nb4 26. Rxc8 Qxc8 27.
Ra5 a2 28. Bd4 Qc1+ 29. Qe1 Qxe1+ 30. Nxe1 Nc6 31. Rxa2 Nxd4 32. Ra7 Bc6 33.
Nd3 Bd6 34. f4 Ne2+ 35. Kf1 Nxf4 36. Nxf4 Bxf4 37. g3 Be5 38. Ra5 Bd4 39. Ke2
Kg7 40. Kd3 Bg1 41. Ra2 Bd5 42. Rb2 h5 43. h4 f5 44. Ke2 g5 45. Kf1 Bc5 46. Ke1
Be4 47. Rb5 Bd4 48. Ke2 gxh4 49. gxh4 Kf6 50. Rb4 Ke5 51. Rb8 Kf4 52. Rg8 Bf3+
0-1

[Event "XtraCon-Skakligaen"]
[Site "Denmark"]
[Date "2011.01.16"]
[Round "5.4"]
[White "Hove, Esben Kjems"]
[Black "Rasmussen, Casper Dahl"]
[Result "1/2-1/2"]
[WhiteElo "2258"]
[BlackElo "2357"]
[PlyCount "63"]
[EventDate "2010.11.06"]
[EventType "team-tourn"]
[EventRounds "9"]
[WhiteTeam "Nordkalotten"]
[BlackTeam "K41"]
[WhiteTeamCountry "DEN"]
[BlackTeamCountry "DEN"]

1. d4 d5 2. c4 c6 3. Nf3 Nf6 4. Nc3 dxc4 5. a4 Bf5 6. e3 e6 7. Bxc4 Bb4 8. O-O
O-O 9. Qe2 Bg6 10. Rd1 Nbd7 11. Bd3 Bxd3 12. Rxd3 Qa5 13. e4 e5 14. dxe5 Nxe5
15. Nxe5 Qxe5 16. f4 Qc5+ 17. Be3 Qc4 18. e5 Bxc3 19. bxc3 Nd5 20. Qd2 Nxe3 21.
Qxe3 Rad8 22. Rd2 a5 23. Rb1 Rxd2 24. Qxd2 b5 25. axb5 cxb5 26. h3 h5 27. Kh1
a4 28. f5 Qe4 29. Rxb5 Qxf5 30. Ra5 Rb8 31. Rxa4 Qxe5 32. Ra1 1/2-1/2

[Event "XtraCon-Skakligaen"]
[Site "Denmark"]
[Date "2011.01.16"]
[Round "5.5"]
[White "Hagen, Andreas Skytte"]
[Black "Kristensen, Kaare Hove"]
[Result "1-0"]
[WhiteElo "2290"]
[BlackElo "2260"]
[PlyCount "135"]
[EventDate "2010.11.06"]
[EventType "team-tourn"]
[EventRounds "9"]
[WhiteTeam "K41"]
[BlackTeam "Nordkalotten"]
[WhiteTeamCountry "DEN"]
[BlackTeamCountry "DEN"]

1. c4 c5 2. g3 Nf6 3. Bg2 d5 4. cxd5 Nxd5 5. Nc3 Nc7 6. Nf3 Nc6 7. O-O e5 8.
Ne1 h5 9. Bxc6+ bxc6 10. Nd3 h4 11. Qa4 hxg3 12. fxg3 Qd4+ 13. Rf2 Nb5 14. b3
f6 15. Bb2 Bd7 16. Ne4 Qxa4 17. bxa4 c4 18. Nxe5 c3 19. dxc3 fxe5 20. axb5 cxb5
21. Rd1 O-O-O 22. Nd6+ Kc7 23. Ba3 a6 24. c4 Be6 25. Nxb5+ axb5 26. Rxd8 Kxd8
27. Bxf8 bxc4 28. Bxg7 Rh5 29. e4 Kd7 30. Kf1 Kc6 31. Ke2 Kc5 32. Ke3 Kb4 33.
h4 c3 34. Bf8+ Kc4 35. Rf6 Bd7 36. Rf7 c2 37. Kd2 Ba4 38. Ra7 Bc6 39. Rc7 Kb5
40. Kxc2 Bxe4+ 41. Kd2 Bc6 42. Bd6 e4 43. Bf4 Kb6 44. Re7 Rh8 45. Kc3 Kc5 46.
Ra7 Bb5 47. a4 Be2 48. Ra5+ Kc6 49. Re5 Bf3 50. Kc4 Ra8 51. a5 Rh8 52. Re6+ Kd7
53. Rd6+ Ke7 54. Kd4 Ra8 55. Rd5 Kf7 56. Bc7 Kg6 57. Ke3 Rc8 58. Rc5 Ra8 59.
Rc6+ Kh5 60. a6 Bg2 61. Rc5+ Kg4 62. Rg5+ Kh3 63. Ra5 Rf8 64. Bf4 Rc8 65. Ra3
Kg4 66. a7 Ra8 67. Bb8 Bf3 68. Ra5 1-0

[Event "XtraCon-Skakligaen"]
[Site "Denmark"]
[Date "2011.01.16"]
[Round "5.6"]
[White "Jakobsen, Peter"]
[Black "Schmidt, Kristen"]
[Result "0-1"]
[WhiteElo "2230"]
[BlackElo "2280"]
[PlyCount "118"]
[EventDate "2010.11.06"]
[EventType "team-tourn"]
[EventRounds "9"]
[WhiteTeam "Nordkalotten"]
[BlackTeam "K41"]
[WhiteTeamCountry "DEN"]
[BlackTeamCountry "DEN"]

1. Nf3 c5 2. c4 Nc6 3. d4 cxd4 4. Nxd4 g6 5. e4 Bg7 6. Be3 Nf6 7. Nc3 d6 8. Be2
O-O 9. O-O Nxd4 10. Bxd4 Be6 11. Qd2 Qa5 12. Rfd1 Rfc8 13. b3 Nd7 14. Bxg7 Kxg7
15. Rac1 a6 16. f4 f6 17. Bf3 Rab8 18. Qe2 b5 19. Nd5 Bxd5 20. exd5 Re8 21.
cxb5 axb5 22. b4 Qxb4 23. Rc7 Nc5 24. Rxe7+ Kf8 25. Rxe8+ Rxe8 26. Qd2 Qxd2 27.
Rxd2 b4 28. Kf1 Ra8 29. Rd4 Rxa2 30. Rxb4 Ke7 31. Rb8 f5 32. Rh8 h5 33. Rg8 Kf7
34. Rd8 Ke7 35. Rg8 Nd3 36. Rg7+ Kf6 37. Rd7 Ra1+ 38. Ke2 Nxf4+ 39. Ke3 g5 40.
Rxd6+ Ke5 41. Rd8 Ra3+ 42. Kf2 g4 43. Re8+ Kd6 44. Bd1 Nxd5 45. Be2 Nf6 46.
Rd8+ Ke5 47. g3 Ne4+ 48. Kf1 Ra2 49. Rh8 Ra1+ 50. Kg2 Ra2 51. Kf1 Nf6 52. Rf8
Ra1+ 53. Kg2 Ra2 54. Kf1 h4 55. gxh4 f4 56. Rb8 f3 57. Bd1 Rxh2 58. Rb4 Rh1+
59. Kf2 Rxd1 0-1

[Event "XtraCon-Skakligaen"]
[Site "Denmark"]
[Date "2011.01.16"]
[Round "5.7"]
[White "Christensen, Bo Garner"]
[Black "Ejsing, Esben"]
[Result "1-0"]
[WhiteElo "2254"]
[BlackElo "2118"]
[PlyCount "107"]
[EventDate "2010.11.06"]
[EventType "team-tourn"]
[EventRounds "9"]
[WhiteTeam "K41"]
[BlackTeam "Nordkalotten"]
[WhiteTeamCountry "DEN"]
[BlackTeamCountry "DEN"]

1. e4 e6 2. Nf3 d5 3. e5 Bd7 4. a3 Ne7 5. b4 Ng6 6. d4 a5 7. b5 c5 8. bxc6 Nxc6
9. Bd3 Be7 10. c3 b5 11. h4 b4 12. h5 Nf8 13. g4 Na7 14. g5 Qc7 15. axb4 axb4
16. cxb4 Rb8 17. Bd2 Bb5 18. Bxb5+ Nxb5 19. O-O Nd7 20. Ra5 Qc4 21. Na3 Nxa3
22. Rxa3 O-O 23. Ra7 Rfd8 24. Qa4 Nb6 25. Qa3 Bf8 26. g6 fxg6 27. hxg6 h6 28.
Rc1 Qe2 29. Re1 Qb5 30. Ng5 Nc4 31. Qh3 Re8 32. Bc3 Rb6 33. Nh7 Rb7 34. Rea1
Qd7 35. Nf6+ gxf6 36. Rxb7 Qxb7 37. exf6 Kh8 38. Kh1 Nd6 39. Qh5 Bg7 40. fxg7+
Qxg7 41. Bd2 Nf5 42. Rg1 Kg8 43. Bf4 Qxd4 44. g7 Re7 45. Bxh6 Qxf2 46. Be3 Qh4+
47. Qxh4 Nxh4 48. Bg5 Rb7 49. Bxh4 Rxb4 50. Bf6 Rf4 51. Rg6 d4 52. Rh6 Rg4 53.
Rh8+ Kf7 54. Rf8+ 1-0

[Event "XtraCon-Skakligaen"]
[Site "Denmark"]
[Date "2011.01.16"]
[Round "5.8"]
[White "Koch, Soren Andreas"]
[Black "Naes, Flovin Tor"]
[Result "0-1"]
[WhiteElo "2178"]
[BlackElo "2231"]
[PlyCount "100"]
[EventDate "2010.11.06"]
[EventType "team-tourn"]
[EventRounds "9"]
[WhiteTeam "Nordkalotten"]
[BlackTeam "K41"]
[WhiteTeamCountry "DEN"]
[BlackTeamCountry "DEN"]

1. d4 d5 2. Nf3 e6 3. g3 c5 4. Bg2 Nc6 5. O-O Nf6 6. a3 cxd4 7. Nxd4 Qb6 8.
Nxc6 bxc6 9. c4 Be7 10. Qc2 Ba6 11. cxd5 cxd5 12. Be3 Qb7 13. Nc3 O-O 14. Qa4
Rfc8 15. Rfc1 Rc4 16. b4 Ng4 17. Bd2 Qb6 18. e3 Ne5 19. Qd1 Rac8 20. Bf1 R4c7
21. b5 Bb7 22. Na4 Rxc1 23. Rxc1 Qd8 24. Rxc8 Qxc8 25. Qc1 Nf3+ 26. Kg2 Nxd2
27. Qxd2 Bxa3 28. Qd4 Qb8 29. Kg1 Bd6 30. Nc3 Be5 31. Qb4 Qd6 32. Qa5 Qc7 33.
Qxc7 Bxc7 34. Bd3 h6 35. Kf1 Kf8 36. Ne2 Be5 37. Nd4 Bxd4 38. exd4 Ke7 39. Ke2
Kd6 40. Kd2 f6 41. f4 e5 42. Kc3 e4 43. Be2 Kc7 44. Kb4 Kb6 45. Bg4 e3 46. Be2
a6 47. Kc3 axb5 48. Kd3 Ka5 49. Kxe3 Kb4 50. Kd2 Bc6 0-1

[Event "XtraCon-Skakligaen"]
[Site "Denmark"]
[Date "2011.01.16"]
[Round "5.1"]
[White "Veng, Johny"]
[Black "Bekker Jensen, Simon"]
[Result "1/2-1/2"]
[WhiteElo "2297"]
[BlackElo "2397"]
[PlyCount "24"]
[EventDate "2010.11.06"]
[EventType "team-tourn"]
[EventRounds "9"]
[WhiteTeam "Nordre"]
[BlackTeam "Bronshoj"]
[WhiteTeamCountry "DEN"]
[BlackTeamCountry "DEN"]

1. c4 Nf6 2. g3 g6 3. Bg2 Bg7 4. Nc3 O-O 5. e4 d6 6. Nge2 c5 7. O-O Nc6 8. d3
a6 9. h3 Rb8 10. a4 Ne8 11. Be3 Nc7 12. d4 cxd4 1/2-1/2

[Event "XtraCon-Skakligaen"]
[Site "Denmark"]
[Date "2011.01.16"]
[Round "5.2"]
[White "Hoi, Carsten"]
[Black "Sloth, Jorn"]
[Result "1/2-1/2"]
[WhiteElo "2413"]
[BlackElo "2302"]
[PlyCount "67"]
[EventDate "2010.11.06"]
[EventType "team-tourn"]
[EventRounds "9"]
[WhiteTeam "Bronshoj"]
[BlackTeam "Nordre"]
[WhiteTeamCountry "DEN"]
[BlackTeamCountry "DEN"]

1. d4 e6 2. Nf3 Nf6 3. e3 g6 4. Bd3 d5 5. Nbd2 Bg7 6. O-O c5 7. c3 Nc6 8. Qe2
O-O 9. Ne5 Nxe5 10. dxe5 Nd7 11. f4 b6 12. Nf3 Bb7 13. Bd2 Qe7 14. Be1 f6 15.
Bh4 Qf7 16. exf6 Bxf6 17. Bxf6 Qxf6 18. Bb5 Rad8 19. Rad1 Nb8 20. Ne5 a6 21.
Bd3 b5 22. Ng4 Qh4 23. g3 Qe7 24. e4 d4 25. c4 b4 26. e5 Qc7 27. Nf2 Nc6 28.
Ne4 Ne7 29. Nf6+ Kh8 30. g4 Ng8 31. Ne4 Ne7 32. h3 Bxe4 33. Qxe4 Qc6 34. Qxc6
1/2-1/2

[Event "XtraCon-Skakligaen"]
[Site "Denmark"]
[Date "2011.01.16"]
[Round "5.3"]
[White "Petersen, Tom Petri"]
[Black "Pilgaard, Kim"]
[Result "1/2-1/2"]
[WhiteElo "2301"]
[BlackElo "2431"]
[PlyCount "48"]
[EventDate "2010.11.06"]
[EventType "team-tourn"]
[EventRounds "9"]
[WhiteTeam "Nordre"]
[BlackTeam "Bronshoj"]
[WhiteTeamCountry "DEN"]
[BlackTeamCountry "DEN"]

1. Nf3 d5 2. g3 c6 3. Bg2 Bg4 4. O-O Nd7 5. d4 e6 6. Nbd2 Ngf6 7. Re1 Be7 8. c3
O-O 9. Qb3 b5 10. a4 a6 11. e4 Bxf3 12. Bxf3 Nb6 13. axb5 axb5 14. Rxa8 Nxa8
15. exd5 exd5 16. Nf1 Bd6 17. Qc2 Qd7 18. Bg5 Re8 19. Re2 Rxe2 20. Qxe2 Be7 21.
Ne3 Kf8 22. Bxf6 Bxf6 23. Ng4 Qf5 24. Kg2 Nc7 1/2-1/2

[Event "XtraCon-Skakligaen"]
[Site "Denmark"]
[Date "2011.01.16"]
[Round "5.4"]
[White "Aabling Thomsen, Jakob"]
[Black "Christensen, Jan Schleicher"]
[Result "1-0"]
[WhiteElo "2330"]
[BlackElo "2229"]
[PlyCount "85"]
[EventDate "2010.11.06"]
[EventType "team-tourn"]
[EventRounds "9"]
[WhiteTeam "Bronshoj"]
[BlackTeam "Nordre"]
[WhiteTeamCountry "DEN"]
[BlackTeamCountry "DEN"]

1. e4 e5 2. Nf3 Nc6 3. d4 exd4 4. Nxd4 Bc5 5. Nb3 Bb6 6. Nc3 Nf6 7. Qe2 d6 8.
Bg5 Nd4 9. Nxd4 Bxd4 10. Qd2 Bxc3 11. Qxc3 h6 12. Bh4 O-O 13. f3 Re8 14. Bg3
Be6 15. O-O-O Qe7 16. Bb5 Reb8 17. Bh4 a6 18. Bd3 Bd7 19. Qxc7 Rc8 20. Bxf6
gxf6 21. Qb6 Rc5 22. Rd2 Rac8 23. Rhd1 Qe5 24. g3 Bb5 25. Bxb5 Rxb5 26. Qd4 Qe6
27. Kb1 Rc6 28. Rd3 Rbc5 29. R1d2 b5 30. Qg1 a5 31. Qd1 Qh3 32. g4 b4 33. Qe1
Kh7 34. Qd1 Qh4 35. Rxd6 Rxd6 36. Rxd6 a4 37. Rd5 Rxd5 38. exd5 a3 39. Qd2 f5
40. d6 Qf6 41. bxa3 bxa3 42. c3 fxg4 43. d7 1-0

[Event "XtraCon-Skakligaen"]
[Site "Denmark"]
[Date "2011.01.16"]
[Round "5.5"]
[White "Hoiberg, Nina"]
[Black "Carstensen, Jacob"]
[Result "0-1"]
[WhiteElo "2198"]
[BlackElo "2332"]
[PlyCount "64"]
[EventDate "2010.11.06"]
[EventType "team-tourn"]
[EventRounds "9"]
[WhiteTeam "Nordre"]
[BlackTeam "Bronshoj"]
[WhiteTeamCountry "DEN"]
[BlackTeamCountry "DEN"]

1. e4 e6 2. d4 d5 3. Nc3 Bb4 4. e5 c5 5. Nf3 Nc6 6. Bb5 Nge7 7. O-O Qa5 8.
Bxc6+ bxc6 9. Ne2 cxd4 10. Nexd4 Qc7 11. c3 Bc5 12. b4 Bb6 13. a4 a5 14. b5 c5
15. Nb3 Ng6 16. Qe2 O-O 17. Ba3 Bb7 18. h4 f6 19. Qe3 Rac8 20. Rae1 f5 21. Ng5
Rfe8 22. f4 d4 23. Qe2 h6 24. h5 Nxf4 25. Rxf4 hxg5 26. Rff1 dxc3 27. Kh1 c4
28. Nc1 Qf7 29. Kh2 g4 30. Kg3 Qxh5 31. Rh1 Qg5 32. Ref1 Be3 0-1

[Event "XtraCon-Skakligaen"]
[Site "Denmark"]
[Date "2011.01.16"]
[Round "5.6"]
[White "Palm, Nikolaj"]
[Black "Holst, Per"]
[Result "1-0"]
[WhiteElo "2275"]
[BlackElo "2129"]
[PlyCount "53"]
[EventDate "2010.11.06"]
[EventType "team-tourn"]
[EventRounds "9"]
[WhiteTeam "Bronshoj"]
[BlackTeam "Nordre"]
[WhiteTeamCountry "DEN"]
[BlackTeamCountry "DEN"]

1. d4 e6 2. Nf3 Nf6 3. e3 b6 4. Bd3 Bb7 5. O-O Be7 6. Nbd2 c5 7. c3 O-O 8. Qe2
Nc6 9. Re1 Qc7 10. Nf1 d5 11. b3 e5 12. Nxe5 Nxe5 13. dxe5 Qxe5 14. Bb2 Qe6 15.
Rad1 Rfd8 16. f3 Ne8 17. c4 Bf6 18. cxd5 Bxd5 19. e4 Bxb2 20. Qxb2 Bb7 21. Ne3
Qf6 22. Qc2 Nc7 23. Nc4 Ne6 24. e5 Qh4 25. Nd6 Bc6 26. Nf5 Qg5 27. h4 1-0

[Event "XtraCon-Skakligaen"]
[Site "Denmark"]
[Date "2011.01.16"]
[Round "5.7"]
[White "Pedersen, Karl"]
[Black "Ligaard, Morten Lund"]
[Result "0-1"]
[WhiteElo "2254"]
[BlackElo "2235"]
[PlyCount "66"]
[EventDate "2010.11.06"]
[EventType "team-tourn"]
[EventRounds "9"]
[WhiteTeam "Nordre"]
[BlackTeam "Bronshoj"]
[WhiteTeamCountry "DEN"]
[BlackTeamCountry "DEN"]

1. e4 e5 2. Nf3 Nc6 3. Bb5 f5 4. d3 fxe4 5. dxe4 Nf6 6. Bg5 Bc5 7. Qe2 d6 8. c3
Be6 9. Nbd2 O-O 10. Bc4 Qe8 11. a4 a5 12. Be3 Bxe3 13. Qxe3 Bxc4 14. Nxc4 Qg6
15. Ncd2 Qxg2 16. Rg1 Qh3 17. Rg3 Qd7 18. Qg5 Nd8 19. O-O-O Ne6 20. Qh4 Qxa4
21. Rdg1 Rf7 22. Ng5 Nxg5 23. Rxg5 Raf8 24. Qh6 Qd7 25. f3 b5 26. Rf5 Kh8 27.
Qe3 Qe6 28. f4 exf4 29. Qxf4 c6 30. Qh4 a4 31. Nf3 Qxe4 32. Rf4 Qe3+ 33. Kb1
Ng8 0-1

[Event "XtraCon-Skakligaen"]
[Site "Denmark"]
[Date "2011.01.16"]
[Round "5.8"]
[White "Pedersen, Peter Brondt"]
[Black "Clausen, Martin Koch"]
[Result "1-0"]
[WhiteElo "2147"]
[BlackElo "2020"]
[PlyCount "103"]
[EventDate "2010.11.06"]
[EventType "team-tourn"]
[EventRounds "9"]
[WhiteTeam "Bronshoj"]
[BlackTeam "Nordre"]
[WhiteTeamCountry "DEN"]
[BlackTeamCountry "DEN"]

1. c4 e5 2. g3 Nc6 3. Bg2 g6 4. Nc3 Bg7 5. e4 d6 6. Nge2 Nh6 7. d3 O-O 8. h4
Be6 9. Nd5 Nd4 10. Nxd4 exd4 11. Bg5 f6 12. Bd2 Ng4 13. Bh3 Qd7 14. Nf4 f5 15.
Nxe6 Qxe6 16. O-O Ne5 17. Bf4 Nc6 18. exf5 gxf5 19. Bg2 Kh8 20. Re1 Qd7 21. Qa4
Rab8 22. Re2 Bf6 23. Bxc6 Qxc6 24. Qxc6 bxc6 25. Rae1 Kg7 26. b3 Kf7 27. c5
dxc5 28. Bxc7 Rbe8 29. Rxe8 Rxe8 30. Rxe8 Kxe8 31. Bd6 Be7 32. Bxe7 Kxe7 33.
Kg2 Kf6 34. Kf3 Ke5 35. g4 fxg4+ 36. Kxg4 a5 37. f4+ Kf6 38. f5 Kf7 39. Kg5 a4
40. Kf4 axb3 41. axb3 Kf6 42. Ke4 Kf7 43. Ke5 Ke7 44. f6+ Kf7 45. Kf5 Kf8 46.
h5 Kg8 47. Ke6 Kf8 48. f7 h6 49. Kf6 c4 50. bxc4 c5 51. Kg6 Ke7 52. Kg7 1-0

[Event "XtraCon-Skakligaen"]
[Site "Denmark"]
[Date "2011.01.16"]
[Round "5.1"]
[White "Rasmussen, Allan Stig"]
[Black "Mikkelsen, Nikolaj"]
[Result "1-0"]
[WhiteElo "2538"]
[BlackElo "2416"]
[PlyCount "87"]
[EventDate "2010.11.06"]
[EventType "team-tourn"]
[EventRounds "9"]
[WhiteTeam "Jetsmark"]
[BlackTeam "BMS"]
[WhiteTeamCountry "DEN"]
[BlackTeamCountry "DEN"]

1. e4 c5 2. d3 Nc6 3. f4 d5 4. Be2 dxe4 5. dxe4 Qxd1+ 6. Bxd1 g6 7. c3 Bh6 8.
Na3 Bd7 9. Nf3 Nf6 10. Bc2 O-O 11. O-O b6 12. e5 Nh5 13. g3 Rad8 14. Nc4 Bc8
15. Re1 Bb7 16. Kf2 f6 17. exf6 exf6 18. f5 Bxc1 19. Raxc1 gxf5 20. Rcd1 Ne5
21. Ncxe5 fxe5 22. Rxd8 Rxd8 23. Rxe5 Bxf3 24. Kxf3 Rd2 25. Re2 Rxe2 26. Kxe2
Ng7 27. Kd3 Kf7 28. Kc4 h5 29. Kb5 h4 30. gxh4 Ke6 31. Ka6 f4 32. Be4 Ke5 33.
Bf3 Nf5 34. h5 Nh4 35. h6 Kf6 36. Be2 f3 37. Bd3 Ng2 38. c4 Ne3 39. a4 Nd1 40.
b3 Nf2 41. Bc2 Nh3 42. Be4 Ng5 43. Bxf3 Nxf3 44. Kxa7 1-0

[Event "XtraCon-Skakligaen"]
[Site "Denmark"]
[Date "2011.01.16"]
[Round "5.2"]
[White "Kristiansen, Jens"]
[Black "Pedersen, Christian Kyndel"]
[Result "1/2-1/2"]
[WhiteElo "2421"]
[BlackElo "2435"]
[PlyCount "83"]
[EventDate "2010.11.06"]
[EventType "team-tourn"]
[EventRounds "9"]
[WhiteTeam "BMS"]
[BlackTeam "Jetsmark"]
[WhiteTeamCountry "DEN"]
[BlackTeamCountry "DEN"]

1. d4 Nf6 2. Nf3 e6 3. Bg5 h6 4. Bxf6 Qxf6 5. e4 d5 6. Nbd2 dxe4 7. Nxe4 Qd8 8.
Bc4 Bd6 9. O-O Nd7 10. Qe2 O-O 11. Rad1 Qe7 12. Bb3 b6 13. c4 Bb7 14. Bc2 Rfd8
15. Rfe1 Bb4 16. Rf1 Bd6 17. a3 Nf6 18. b4 c6 19. c5 Bc7 20. Nxf6+ gxf6 21. Qe4
f5 22. Qe3 Qf8 23. Ne5 bxc5 24. dxc5 Qg7 25. f4 Ba6 26. Rxd8+ Rxd8 27. Rd1
Rxd1+ 28. Bxd1 Bxe5 29. Qxe5 Qxe5 30. fxe5 f6 31. exf6 Kf7 32. a4 e5 33. g4
Kxf6 34. Kf2 Bc8 35. h3 fxg4 36. Bxg4 Bxg4 37. hxg4 a6 38. Ke3 Ke7 39. Kd3 Kd7
40. Kc3 Ke7 41. Kd3 Kd7 42. Ke3 1/2-1/2

[Event "XtraCon-Skakligaen"]
[Site "Denmark"]
[Date "2011.01.16"]
[Round "5.3"]
[White "Glud, Jakob Vang"]
[Black "Nielsen, Thomas Bach"]
[Result "1/2-1/2"]
[WhiteElo "2474"]
[BlackElo "2227"]
[PlyCount "40"]
[EventDate "2010.11.06"]
[EventType "team-tourn"]
[EventRounds "9"]
[WhiteTeam "Jetsmark"]
[BlackTeam "BMS"]
[WhiteTeamCountry "DEN"]
[BlackTeamCountry "DEN"]

1. c4 c5 2. g3 g6 3. Bg2 Bg7 4. Nc3 Nc6 5. a3 Nf6 6. Rb1 a5 7. Nh3 O-O 8. Nf4
d6 9. O-O Bd7 10. d3 Rb8 11. Bd2 Qc8 12. Ncd5 b5 13. Bc3 Nxd5 14. cxd5 Nd4 15.
Bxa5 g5 16. e3 Bg4 17. f3 gxf4 18. exd4 Bxd4+ 19. Kh1 Bf5 20. g4 Bg6 1/2-1/2

[Event "XtraCon-Skakligaen"]
[Site "Denmark"]
[Date "2011.01.16"]
[Round "5.4"]
[White "Haubro, Sigfred"]
[Black "Wiwe, Andreas"]
[Result "1/2-1/2"]
[WhiteElo "2190"]
[BlackElo "2255"]
[PlyCount "50"]
[EventDate "2010.11.06"]
[EventType "team-tourn"]
[EventRounds "9"]
[WhiteTeam "BMS"]
[BlackTeam "Jetsmark"]
[WhiteTeamCountry "DEN"]
[BlackTeamCountry "DEN"]

1. Nf3 d5 2. b3 Nf6 3. Bb2 c6 4. e3 Bg4 5. Be2 Nbd7 6. d4 e6 7. Nbd2 Be7 8. O-O
O-O 9. c4 Rc8 10. Rc1 Re8 11. Ne5 Bxe2 12. Qxe2 Nxe5 13. dxe5 Nd7 14. e4 Nc5
15. Rc3 Nxe4 16. Nxe4 dxe4 17. Qxe4 Qd2 18. Rh3 g6 19. Bc1 Qxa2 20. Qf4 Bf8 21.
Qh4 h5 22. Bg5 Qe2 23. Bf6 Bg7 24. Rf3 Rc7 25. h3 Rd7 1/2-1/2

[Event "XtraCon-Skakligaen"]
[Site "Denmark"]
[Date "2011.01.16"]
[Round "5.6"]
[White "Akdag, Dara Sevkan"]
[Black "Jensen, Bjarke"]
[Result "0-1"]
[WhiteElo "2174"]
[BlackElo "2258"]
[PlyCount "114"]
[EventDate "2010.11.06"]
[EventType "team-tourn"]
[EventRounds "9"]
[WhiteTeam "BMS"]
[BlackTeam "Jetsmark"]
[WhiteTeamCountry "DEN"]
[BlackTeamCountry "DEN"]

1. Nf3 d5 2. c4 c6 3. d4 Nf6 4. Nc3 dxc4 5. a4 Bf5 6. Ne5 Nbd7 7. Nxc4 Qc7 8.
g3 e5 9. dxe5 Nxe5 10. Bf4 Nfd7 11. Bg2 f6 12. Qc1 O-O-O 13. O-O Nc5 14. Ra3
Ne6 15. Nxe5 fxe5 16. Nb5 cxb5 17. Rc3 Bc5 18. Be3 b4 19. Rxc5 Nxc5 20. Bxc5 b6
21. Qg5 Bc2 22. Bxb4 Rhe8 23. Bc3 a5 24. Qh5 Kb8 25. Rc1 Bxa4 26. Bd2 Qxc1+ 27.
Bxc1 Rd1+ 28. Bf1 Rxc1 29. Kg2 Bc6+ 30. e4 Bxe4+ 31. f3 Bg6 32. Qg4 Rc2+ 33.
Kh3 Rf8 34. Qg5 Re8 35. Bb5 Rec8 36. Qxe5+ R8c7 37. b3 R2c5 38. Qe2 Rh5+ 39.
Kg4 Rc2 40. Qf1 Rhxh2 41. Qe1 Bh5+ 42. Kf4 g5+ 43. Ke3 Rc7 44. Bd3 g4 45. Qg1
Rb2 46. fxg4 Be8 47. Bc4 Bc6 48. Kf4 Kb7 49. Qa1 Rf2+ 50. Kg5 Rd2 51. Qf1 b5
52. Qe1 Rg7+ 53. Kf6 Rgd7 54. Be6 R7d6 55. Kg7 h6 56. Bf5 b4 57. Qe7+ Rd7 0-1

[Event "XtraCon-Skakligaen"]
[Site "Denmark"]
[Date "2011.01.16"]
[Round "5.7"]
[White "Helledie, Anders"]
[Black "Rostgaard, Tobias Valentin"]
[Result "0-1"]
[WhiteElo "2220"]
[BlackElo "2126"]
[PlyCount "70"]
[EventDate "2010.11.06"]
[EventType "team-tourn"]
[EventRounds "9"]
[WhiteTeam "Jetsmark"]
[BlackTeam "BMS"]
[WhiteTeamCountry "DEN"]
[BlackTeamCountry "DEN"]

1. e4 c5 2. Nc3 Nc6 3. g3 g6 4. Bg2 Bg7 5. d3 d6 6. Be3 Nd4 7. f4 Rb8 8. Nf3 b5
9. a3 a5 10. Qd2 b4 11. axb4 axb4 12. Nd1 e6 13. O-O Ne7 14. Rc1 O-O 15. Qf2
Nec6 16. b3 f5 17. Bxd4 Nxd4 18. exf5 exf5 19. Kh1 Re8 20. Re1 Nxf3 21. Bxf3
Bd4 22. Bd5+ Kg7 23. Ne3 Bb7 24. Bxb7 Rxb7 25. Qf3 Rbe7 26. Ng2 Bc3 27. Rxe7+
Qxe7 28. Kg1 Qe2 29. Qxe2 Rxe2 30. Kf1 Rd2 31. Ne3 Rxh2 32. Kg1 Re2 33. Nc4 Re6
34. Kf2 d5 35. Ne3 Bd2 0-1

[Event "XtraCon-Skakligaen"]
[Site "Denmark"]
[Date "2011.01.16"]
[Round "5.8"]
[White "Pedersen, Sven"]
[Black "Rathlev, Jakob"]
[Result "1/2-1/2"]
[WhiteElo "2116"]
[BlackElo "2258"]
[PlyCount "81"]
[EventDate "2010.11.06"]
[EventType "team-tourn"]
[EventRounds "9"]
[WhiteTeam "BMS"]
[BlackTeam "Jetsmark"]
[WhiteTeamCountry "DEN"]
[BlackTeamCountry "DEN"]

1. e4 c5 2. Nf3 a6 3. c3 d5 4. exd5 Qxd5 5. d4 Bg4 6. Be2 cxd4 7. cxd4 e6 8.
O-O Nf6 9. Nc3 Qd8 10. Qb3 b5 11. Bg5 Be7 12. Rfd1 Nbd7 13. h3 Bf5 14. Ne5 Rc8
15. Rac1 O-O 16. Bf3 b4 17. Na4 Rxc1 18. Rxc1 Nxe5 19. dxe5 Nd5 20. Bxe7 Qxe7
21. Rd1 Rc8 22. Bxd5 exd5 23. Nb6 Rd8 24. Rxd5 Rxd5 25. Qxd5 h6 26. Qd4 Qg5 27.
Kh2 Be6 28. b3 a5 29. Nc4 Bxc4 30. f4 Qf5 31. Qxc4 Qb1 32. Qe2 Qc1 33. Qf2 Qa1
34. Qd2 Kh7 35. Qd3+ g6 36. Qd7 Kg8 37. Qd8+ Kg7 38. Qf6+ Kg8 39. Qd8+ Kg7 40.
Qf6+ Kg8 41. Qd8+ 1/2-1/2

[Event "XtraCon-Skakligaen"]
[Site "Denmark"]
[Date "2011.01.16"]
[Round "5.1"]
[White "Andreasen, Per Naesby"]
[Black "Matthiesen, Arne"]
[Result "1/2-1/2"]
[WhiteElo "2239"]
[BlackElo "2315"]
[PlyCount "41"]
[EventDate "2010.11.06"]
[EventType "team-tourn"]
[EventRounds "9"]
[WhiteTeam "Norresundby"]
[BlackTeam "SK1968"]
[WhiteTeamCountry "DEN"]
[BlackTeamCountry "DEN"]

1. d4 Nf6 2. Nf3 g6 3. g3 Bg7 4. Bg2 O-O 5. O-O d5 6. c4 dxc4 7. Qa4 Nc6 8.
Qxc4 Nd5 9. e3 Nb6 10. Qe2 e5 11. dxe5 Nxe5 12. Nxe5 Bxe5 13. Nd2 c6 14. Nf3
Bg7 15. e4 Qe7 16. Qc2 Qb4 17. Rb1 Re8 18. Re1 Bg4 19. a3 Qa4 20. b3 Qa5 21.
Bb2 1/2-1/2

[Event "XtraCon-Skakligaen"]
[Site "Denmark"]
[Date "2011.01.16"]
[Round "5.2"]
[White "Matthiesen, Martin"]
[Black "Sorensen, Bent"]
[Result "0-1"]
[WhiteElo "2271"]
[BlackElo "2282"]
[PlyCount "68"]
[EventDate "2010.11.06"]
[EventType "team-tourn"]
[EventRounds "9"]
[WhiteTeam "SK1968"]
[BlackTeam "Norresundby"]
[WhiteTeamCountry "DEN"]
[BlackTeamCountry "DEN"]

1. c4 e6 2. g3 d5 3. Bg2 Nf6 4. Nf3 Be7 5. O-O O-O 6. b3 c5 7. e3 b6 8. Bb2 Bb7
9. Nc3 Nbd7 10. Qe2 Rc8 11. Rac1 Qc7 12. Rfd1 Qb8 13. cxd5 exd5 14. d4 c4 15.
bxc4 dxc4 16. e4 Bb4 17. Ne5 Nxe5 18. dxe5 Qxe5 19. a3 Bxc3 20. Bxc3 Qe6 21.
Rd4 Rfe8 22. f3 b5 23. Rcd1 Nd5 24. Be1 Qb6 25. Kh1 c3 26. Qd3 b4 27. Rxd5 Bxd5
28. axb4 Bc4 29. Qc2 Qxb4 30. Rb1 Qa3 31. Bh3 Be6 32. Bf1 h6 33. Bf2 Red8 34.
Be3 Rb8 0-1